Drapeaux d'Asie: ordre aléatoire - Statistiques

Statistiques générales
  • Ce quiz a été pris 4 801 fois
  • Le résultat moyen est 41 sur 48
Statistiques - réponses
Par images Réponse % Correct
Chine
96%
Corée du Sud
96%
Japon
96%
Chypre
95%
Inde
95%
Turquie
95%
Israël
94%
Liban
94%
Népal
94%
Arabie Saoudite
93%
Corée du Nord
93%
Qatar
93%
Géorgie
92%
Viêt Nam
92%
Cambodge
90%
Bangladesh
89%
Bhoutan
88%
Sri Lanka
88%
Thaïlande
88%
Indonésie
87%
Irak
87%
Iran
87%
Pakistan
87%
Malaisie
86%
Afghanistan
85%
Laos
85%
Singapour
85%
Kazakhstan
84%
Arménie
83%
Philippines
82%
Mongolie
81%
Syrie
81%
Ouzbékistan
80%
Azerbaïdjan
79%
Émirats arabes unis
79%
Turkménistan
79%
Jordanie
78%
Taïwan
78%
Bahreïn
76%
Birmanie
76%
Kirghizistan
76%
Yémen
76%
Maldives
75%
Brunei
73%
Koweït
72%
Oman
71%
Timor oriental
70%
Tadjikistan
69%
Aucun quiz correspondant
Distribution des résultats
% des personnes avec chaque résultat
Percentile par nombre de réponses
Votre historique - résultats
Vous n’avez pas pris ce quiz